000 01610nam a2200217Ia 4500
999 _c37573
_d37573
003 OSt
005 20210408130500.0
008 160316s1998 xxu||||| |||| 00| 0 eng d
020 _a9780814754481
040 _cn
082 _a320.010000
_bMOR
100 _aMorrow John
245 _aA history of political thought : a thematic introduction
260 _aNew York
_bMacmillan Publishing Co.
_c1998
300 _a417p
_cxvi
365 _b Gratis
505 _aSummary: How have the central issues in political theory-the ends of politics, the location and exercise of political power, and challenges to authority-been tackled by various thinkers over the course of history? By emphasizing chronology and context, John Morrow provides an organizationally innovative introduction to political thinkers and themes.The book balances a coherent account of theoretical traditions with a grounded awareness of the social and political currents which produced them. Morrow combines detailed coverage of the great figures of political thought, such as Plato, Aristotle, Machiavelli, Hobbes, Rousseau, Marx, and Mill with important but lesser known names such as Bodin, Grotius, Maurras, Bartolus, Paley, Godwin, and Bakunin. Spanning ancient times to the twentieth century and providing timelines and charts to organize the material, The History of Political Thought is an exceptionally lucid and integrated introduction to the ways in which Western thinkers have come to grips with the problems and paradoxes of political life.
650 _a1. Political Science - History
700 _a
_a
942 _2ddc
_cBK